Prise de vues

Enregistré dans:
Détails bibliographiques
Auteur principal: Rageot, Gaston
Format: Livre
Langue:Undetermined
Publié: París, Francia La nouvelle revue critique 1928
Sujets:
Tags: Ajouter un tag
Pas de tags, Soyez le premier à ajouter un tag!

MARC

LEADER 00000nam a2200000Ia 4500
008 170316s9999 xx 000 0 und d
090 |a 801 R-1p 
100 |a Rageot, Gaston 
245 |a Prise de vues 
260 |a París, Francia 
260 |b La nouvelle revue critique 
260 |c 1928 
300 |a 220 páginas 
650 |a TEORÍA LITERARIA 
650 |a TEATRO 
650 |a COMEDIANTES 
650 |a CINE 
999 |c 20601  |d 20601 
040 |a cru BVZT 
942 |c 15 D  |h 801 R-1p  |2 z